| 000 | 00377nam a22001457a 4500 | ||
|---|---|---|---|
| 999 |
_c13697 _d13697 |
||
| 020 | _a0195793749 | ||
| 082 |
_a335.0095491 _bCLO |
||
| 100 | _aCloughley, Brian | ||
| 245 |
_aA History of the Pakistan Army _bwars and Insurrections |
||
| 250 | _a2nd ed. | ||
| 260 |
_aKarachi _bOxford University Press _c2000 |
||
| 300 | _a435 | ||
| 650 |
_aPakistan _aHistory _aArmy |
||
| 942 | _cBK | ||